Christmas Song Slot Machine Quiz Stats

 Plays Quiz Updated Dec 16, 2015

Challenge
Share
Tweet
Score 0/60 Timer 05:00
11 Plays Today
Part 1 Part 2 % Correct
Part 1Frosty the Snowman
97.1%
Part 2Frosty the Snowman
97.1%
Part 3Frosty the Snowman
97.1%
Part 1Little Drummer Boy
95.8%
Part 2Little Drummer Boy
95.8%
Part 3Little Drummer Boy
95.8%
Part 1Jingle Bell Rock
94.1%
Part 2Jingle Bell Rock
94.1%
Part 3Jingle Bell Rock
94.1%
Part 1We Three Kings
91.9%
Part 2We Three Kings
91.8%
Part 3We Three Kings
91.8%
Part 1O Holy Night
89.6%
Part 2O Holy Night
89.6%
Part 3O Holy Night
89.6%
Part 1Holly Jolly Christmas
88.7%
Part 2Holly Jolly Christmas
88.7%
Part 3Holly Jolly Christmas
88.7%
Part 1Baby's First Christmas
87.3%
Part 2Baby's First Christmas
87.3%
Part 3Baby's First Christmas
87.3%
Part 1Run Rudolph Run
84.8%
Part 2Run Rudolph Run
84.8%
Part 3Run Rudolph Run
84.8%
Part 1The First Noel
84.1%
Part 2The First Noel
84.1%
Part 3The First Noel
84.1%
Part 1Good King Wenceslas
83.4%
Part 2Good King Wenceslas
83.4%
Part 3Good King Wenceslas
83.4%
Part 1 Part 2 % Correct
Part 1Santa Claus Lane
81.5%
Part 2Santa Claus Lane
81.5%
Part 3Santa Claus Lane
81.5%
Part 1Merry Christmas Darling
79.5%
Part 2Merry Christmas Darling
79.5%
Part 3Merry Christmas Darling
79.5%
Part 1Merry Christmas Baby
79.4%
Part 2Merry Christmas Baby
79.4%
Part 3Merry Christmas Baby
79.4%
Part 1The Christmas Song
76.7%
Part 2The Christmas Song
76.7%
Part 3The Christmas Song
76.7%
Part 1Merry Christmas All
76.4%
Part 2Merry Christmas All
76.4%
Part 3Merry Christmas All
76.4%
Part 1Little St. Nick
75.8%
Part 2Little St. Nick
75.8%
Part 3Little St. Nick
75.8%
Part 1Nuttin' For Christmas
73.6%
Part 2Nuttin' For Christmas
73.6%
Part 3Nuttin' For Christmas
73.6%
Part 1Christmas In America
73.5%
Part 2Christmas In America
73.5%
Part 3Christmas In America
73.5%
Part 1The Christmas Waltz
72%
Part 2The Christmas Waltz
72%
Part 3The Christmas Waltz
72%
Part 1Mary's Boy Child
71.6%
Part 2Mary's Boy Child
71.6%
Part 3Mary's Boy Child
71.6%

You're not logged in!

Compare scores with friends on all Sporcle quizzes.
OR
Log In

You Might Also Like...

Show Comments

Extras

Top Quizzes Today


Score Distribution

Your Account Isn't Verified!

In order to create a playlist on Sporcle, you need to verify the email address you used during registration. Go to your Sporcle Settings to finish the process.

Report this User

Report this user for behavior that violates our Community Guidelines.

Details: